000 00885nam a2200265 i 4500
001 181415
003 ES-MaACL
005 20231010141513.0
008 130114s2009 sp | |||||||| | spa d
080 _a351.83/.84(100)
080 _a316.344(460)
080 _a351.83/.84(460)
100 1 _aNavarro, Vicenç.
_985087
245 1 3 _aEl subdesarrollo social de España :
_bcausas y consecuencias /
_cVicenç Navarro.
260 _a[Madrid] :
_bDiario Público,
_c[2009]
300 _a364 p. ;
_c18 cm.
490 1 _aBiblioteca pensamiento crítico
650 4 _aDesigualdad social-
_zEspaña.
_911834
650 0 0 _aPolítica social.
_916308
651 4 _aEspaña-
_xPolítica social.
_98441
830 1 _aBiblioteca pensamiento crítico
_9189844
852 _aES-MaACL
_jA-12441
_9188315
_bR.145920
_cDEPO1
_dOlim: N-5446
942 _2udc
_cMONOGRAFIA
999 _c181415
_d181415